Finlay na zabití /

Hlavní autor: Cosimano, Elle
Další autoři: Jeníková, Jitka
Jazyk: Čeština
Vydáno: Brno : Host, 2022
Vydání: První vydání
Témata:
Fyzický popis: 380 stran ; 21 cm
Knihy
Uloženo v:
LEADER 01673cam a2200481 i 4500
001 nkc20223420854
003 CZ PrNK
005 20220831134106.0
007 ta
008 220512s2022 xr g 000 f cze d
015 |a cnb003420854 
020 |a 978-80-275-1151-8  |q (vázáno) 
035 |a (OCoLC)1344358929 
040 |a TUG001  |b cze  |d ULG001  |d BOA001  |e rda 
041 1 |a cze  |h eng 
072 7 |a 821.111(73)-3  |x Americká próza  |2 Konspekt  |9 25 
080 |a 821.111(73)-31  |2 MRF 
080 |a (0:82-312.4)  |2 MRF 
080 |a (0:82-31)-055.2  |2 MRF 
100 1 |a Cosimano, Elle  |7 xx0272745  |4 aut 
240 1 0 |a Finlay Donovan is killing it.  |l Česky 
245 1 0 |a Finlay na zabití /  |c Elle Cosimanová ; přeložila Jitka Jeníková 
250 |a První vydání 
264 1 |a Brno :  |b Host,  |c 2022 
300 |a 380 stran ;  |c 21 cm 
336 |a text  |b txt  |2 rdacontent 
337 |a bez média  |b n  |2 rdamedia 
338 |a svazek  |b nc  |2 rdacarrier 
500 |a Přeloženo z angličtiny 
655 7 |a americké romány  |7 fd131796  |2 czenas 
655 7 |a thrillery (romány)  |7 fd184206  |2 czenas 
655 7 |a romány pro ženy  |7 fd187897  |2 czenas 
655 9 |a American fiction  |2 eczenas 
655 9 |a thrillers (novels)  |2 eczenas 
655 9 |a women's novels  |2 eczenas 
700 1 |a Jeníková, Jitka  |7 xx0126826  |4 trl 
910 2 |a BOA001  |b 2-1488.913 
920 |a 016020003848150  |z ULG001 
990 |a BK 
995 |a 01 
991 |b 202208  |c NOV 
996 6 |b 2610911310  |c 2-1488.913  |l MZK  |r Sklad / do 1 hodiny  |n 0  |p p.v.  |w 001895664  |u 000010  |a 1  |e BOA001  |j MZK50  |s P 
996 7 |b 2610912767  |c 2-1488.913  |l MZK  |r Sklad / do 1 hodiny  |n 8  |p p.v.  |w 001895664  |u 000020  |a 1  |e BOA001  |j MZK50  |s A